Pokémon TCGP: Pokémon Tool Cards - Statistics

General Stats
  • This quiz has been taken 16 times
  • The average score is 4 of 5
Answer Stats
Answer % Correct
Rocky Helmet
100%
Giant Cape
90%
Leaf Cape
80%
Poison Barb
70%
Lum Berry
50%
No matching quizzes found
Score Distribution
Percent of People with Each Score
Percentile by Number Answered
Your Score History
You have not taken this quiz